00315pab a2200121 454500008004000000100002100040245004300061260000900104300001500113362001100128650002000139773003400159180718b2001 xxu||||| |||| 00| 0 eng d aCullet, Philippe aPatent Bill, TRIPs and right to health c2001 ap.4049-051 a27 Oct aHealth services aEconomic and Political Weekly